[Event "4NCL/Div4a/AD3 vs. HKFC"]
[Site "Telford ENG"]
[Date "2004.11.07"]
[Round "2.3"]
[White "Pohribnyj, Chris"]
[Black "Bullock, Andrew"]
[Result "1-0"]
[WhiteElo "1972"]
[BlackElo "1985"]
[PlyCount "75"]
[EventDate "2004.11.07"]
[SourceDate "2004.09.21"]

1. d4 Nf6 2. c4 g6 3. Nc3 Bg7 4. e4 d6 5. f4 e5 6. fxe5 dxe5 7. d5 O-O 8. Nf3
Re8 9. Bg5 Qd6 10. Qd2 a6 11. Bd3 Nbd7 12. O-O Nc5 13. Rab1 Nxd3 14. Qxd3 Bd7
15. b4 b6 16. Be3 Ng4 17. c5 Qf6 18. Bg5 Qxg5 19. Nxg5 Rf8 20. h3 Nf6 21. cxb6
cxb6 22. Nf3 Nh5 23. Rfc1 f5 24. exf5 Bxf5 25. Qe3 Rab8 26. Ne2 Rfd8 27. g4
Bxb1 28. Rxb1 Nf6 29. Rd1 Rd6 30. Qxe5 Rbd8 31. Qe3 Re8 32. Qd3 b5 33. Nc3 Rc8
34. Ne4 Nxe4 35. Qxe4 Rcd8 36. Ng5 Bf6 37. Ne6 R8d7 38. Rf1 1-0

[Event "4NCL/Div4a/AD3 vs. HKFC"]
[Site "Telford ENG"]
[Date "2004.11.07"]
[Round "2.4"]
[White "Forman, Karl L"]
[Black "Wilcox, Steven R"]
[Result "1-0"]
[WhiteElo "2035"]
[BlackElo "1920"]
[PlyCount "39"]
[EventDate "2004.11.07"]
[SourceDate "2004.09.21"]

1. e4 d5 2. exd5 Nf6 3. Nf3 Nxd5 4. Bc4 c6 5. O-O Nd7 6. d4 b5 7. Bxd5 cxd5 8.
Nc3 Nb6 9. Nxb5 Ba6 10. Qe2 Nc4 11. a4 Bxb5 12. axb5 Qc7 13. b3 Nd6 14. Bf4 e6
15. Ra6 Qd7 16. c4 dxc4 17. bxc4 Nf5 18. Rd1 Bd6 19. Bxd6 Nxd6 20. d5 1-0

[Event "4NCL/Div4a/AD3 vs. HKFC"]
[Site "Telford ENG"]
[Date "2004.11.07"]
[Round "2.5"]
[White "Somerfield, Adrian"]
[Black "David, Murray J"]
[Result "0-1"]
[WhiteElo "1825"]
[BlackElo "1910"]
[PlyCount "76"]
[EventDate "2004.11.07"]
[SourceDate "2004.09.21"]

1. e4 e6 2. d3 d5 3. Nd2 Nf6 4. Ngf3 c5 5. g3 Nc6 6. Bg2 b6 7. O-O Bb7 8. e5
Nd7 9. Re1 Qc7 10. Qe2 O-O-O 11. a4 Be7 12. Nb3 a6 13. Bd2 Rdg8 14. a5 b5 15.
c4 bxc4 16. dxc4 d4 17. Nc1 g5 18. Nd3 h5 19. Ra4 g4 20. Nh4 Bxh4 21. gxh4 Ne7
22. Be4 Nf5 23. Bg5 Rxg5 24. hxg5 Nh4 25. Bxb7+ Qxb7 26. Qe4 Nf3+ 27. Kh1 Nxe1
28. Qxb7+ Kxb7 29. Nxe1 Nxe5 30. b4 Kc6 31. Kg2 Rg8 32. Nc2 Rxg5 33. Ra3 Nxc4
34. Rd3 e5 35. Kg3 e4 36. Rd1 d3 37. Ne3 Nxe3 38. fxe3 Rf5 0-1

[Event "4NCL/Div4a/AD3 vs. HKFC"]
[Site "Telford ENG"]
[Date "2004.11.07"]
[Round "2.6"]
[White "Hogarth, Mark J"]
[Black "Pready, Alex D"]
[Result "1/2-1/2"]
[WhiteElo "1929"]
[BlackElo "1890"]
[PlyCount "56"]
[EventDate "2004.11.07"]
[SourceDate "2004.09.21"]

1. e4 c5 2. Nc3 Nc6 3. f4 d6 4. Nf3 g6 5. Bc4 e6 6. O-O Bg7 7. Qe1 Nge7 8. Qh4
Na5 9. Bb3 Nxb3 10. axb3 Bd7 11. d3 a6 12. f5 f6 13. Qg3 Qb6 14. fxe6 Bxe6 15.
Kh1 O-O 16. Bd2 f5 17. Na4 Qd8 18. Bc3 b5 19. Bxg7 Kxg7 20. Nc3 b4 21. Ne2 fxe4
22. Ng5 Qd7 23. dxe4 Rxf1+ 24. Rxf1 h6 25. Nxe6+ Qxe6 26. Qf3 Ng8 27. Nf4 Qe8
28. Qd3 Qe5 1/2-1/2

[Event "4NCL/Div4a/SLOS2 vs. SLOS4"]
[Site "Telford ENG"]
[Date "2004.11.07"]
[Round "2.1"]
[White "Williams, Samuel G"]
[Black "Cox, Tristan"]
[Result "1-0"]
[WhiteElo "2207"]
[BlackElo "2057"]
[PlyCount "55"]
[EventDate "2004.11.07"]
[SourceDate "2004.09.21"]

1. d4 Nf6 2. Bg5 Ne4 3. Bf4 c5 4. f3 Qa5+ 5. c3 Nf6 6. d5 Qb6 7. b3 e6 8. e4
exd5 9. exd5 Bd6 10. Bg5 Bc7 11. Na3 Qd6 12. Nb5 Qe5+ 13. Ne2 Ba5 14. Bf4 Qxd5
15. Nd6+ Ke7 16. Qc2 Nc6 17. Nf5+ Kd8 18. Rd1 Nd4 19. Nexd4 cxd4 20. Rxd4 Bxc3+
21. Qxc3 Qxf5 22. Qc7+ Ke8 23. Bd3 Qe6+ 24. Kd1 Qb6 25. Re1+ Kf8 26. Qe5 Qd8
27. Bg5 h5 28. Rd6 1-0

[Event "4NCL/Div4a/SLOS2 vs. SLOS4"]
[Site "Telford ENG"]
[Date "2004.11.07"]
[Round "2.2"]
[White "Crichton, Martin"]
[Black "Richmond, Robert J"]
[Result "0-1"]
[WhiteElo "1998"]
[BlackElo "2257"]
[PlyCount "148"]
[EventDate "2004.11.07"]
[SourceDate "2004.09.21"]

1. e4 e6 2. d3 c5 3. Nf3 Nc6 4. g3 g6 5. Bg2 Bg7 6. O-O Nge7 7. c3 d5 8. Nbd2
O-O 9. Re1 b5 10. a3 Qb6 11. Nb3 Bb7 12. exd5 Nxd5 13. d4 cxd4 14. Nbxd4 Nxd4
15. Nxd4 Rad8 16. Qe2 a6 17. Bg5 Rd7 18. Rad1 h6 19. Bc1 e5 20. Nc2 Rfd8 21.
Ne3 Qe6 22. Nxd5 Bxd5 23. Bxd5 Rxd5 24. Be3 Qd6 25. Rxd5 Qxd5 26. Bb6 Rd7 27.
a4 Qc6 28. a5 Qd5 29. c4 bxc4 30. Rc1 Qd3 31. Qc2 e4 32. Qxc4 Bxb2 33. Qc8+ Kg7
34. Re1 h5 35. Qe8 f5 36. Bc5 Rf7 37. Qa4 Rd7 38. Be3 Bf6 39. Rc1 h4 40. gxh4
Bxh4 41. Bb6 Bg5 42. Qa1+ Bf6 43. Qa4 f4 44. Qxd7+ Qxd7 45. Rc7 Qf7 46. Rxf7+
Kxf7 47. f3 e3 48. Bc7 Bc3 49. Kf1 g5 50. h4 Kg6 51. hxg5 Kxg5 52. Ke2 Kf5 53.
Kd3 Be5 54. Bd8 Bf6 55. Bc7 Bg5 56. Ke2 Bf6 57. Kd3 Be5 58. Bd8 Ke6 59. Bh4 Kd5
60. Be1 Kc5 61. Bh4 Bc7 62. Bf6 Kb5 63. Bc3 Ka4 64. Ke2 Ka3 65. Kd3 Kb3 66. Bf6
Ka2 67. Bc3 Kb1 68. Ke2 Kc2 69. Bf6 Kb3 70. Kd3 Ka4 71. Bc3 Kb5 72. Ke2 Kc4 73.
Be1 Be5 74. Kd1 Kd3 0-1

[Event "4NCL/Div4a/SLOS2 vs. SLOS4"]
[Site "Telford ENG"]
[Date "2004.11.07"]
[Round "2.3"]
[White "Gough, Michael J"]
[Black "McCarthy, J Nimai"]
[Result "1/2-1/2"]
[WhiteElo "2166"]
[BlackElo "1995"]
[PlyCount "32"]
[EventDate "2004.11.07"]
[SourceDate "2004.09.21"]

1. d4 Nf6 2. c4 Nc6 3. Nf3 e6 4. a3 d6 5. Nc3 g6 6. e4 Bg7 7. d5 Ne5 8. Nd4 c5
9. dxc6 Nxc6 10. Ndb5 O-O 11. Qxd6 Qxd6 12. Nxd6 Nd4 13. Rb1 Nc2+ 14. Ke2 Nd4+
15. Ke1 Nc2+ 16. Ke2 Nd4+ 1/2-1/2

[Event "4NCL/Div4a/SLOS2 vs. SLOS4"]
[Site "Telford ENG"]
[Date "2004.11.07"]
[Round "2.4"]
[White "Jeffries, Majid"]
[Black "Armstrong, Malcolm"]
[Result "1/2-1/2"]
[WhiteElo "2023"]
[BlackElo "2129"]
[PlyCount "47"]
[EventDate "2004.11.07"]
[SourceDate "2004.09.21"]

1. d4 Nf6 2. c4 e6 3. Nf3 Bb4+ 4. Nbd2 O-O 5. a3 Bxd2+ 6. Bxd2 Ne4 7. Bb4 d6 8.
Qc2 f5 9. e3 b6 10. Bd3 Bb7 11. O-O Nd7 12. Qe2 a5 13. Be1 Qf6 14. Nd2 c5 15.
Bxe4 fxe4 16. f3 exf3 17. Nxf3 cxd4 18. exd4 Bxf3 19. Rxf3 Qxd4+ 20. Bf2 Qe5
21. Re3 Qf5 22. Rxe6 Ne5 23. Rxd6 Rae8 24. Rd5 1/2-1/2

[Event "4NCL/Div4a/SLOS2 vs. SLOS4"]
[Site "Telford ENG"]
[Date "2004.11.07"]
[Round "2.5"]
[White "Purton, Ben J"]
[Black "Barraclough, Stephanie"]
[Result "1-0"]
[WhiteElo "2100"]
[BlackElo "1922"]
[PlyCount "61"]
[EventDate "2004.11.07"]
[SourceDate "2004.09.21"]

1. e4 c5 2. Nf3 e6 3. c4 d5 4. cxd5 exd5 5. exd5 Nf6 6. Nc3 Nxd5 7. Bb5+ Bd7 8.
Qe2+ Ne7 9. Bc4 f6 10. d4 cxd4 11. Nxd4 Nbc6 12. Ndb5 Qb8 13. Nd5 Kd8 14. Bf4
Ne5 15. Rd1 Nxd5 16. Rxd5 Bb4+ 17. Kf1 Re8 18. Qd1 Re7 19. Bxe5 fxe5 20. a3 Ba5
21. h4 a6 22. Nd6 Bb6 23. Be2 Qc7 24. Nc4 Ke8 25. Nd6+ Kf8 26. Rd2 Bc6 27. Bc4
e4 28. Qh5 g6 29. Qh6+ Rg7 30. Qf4+ Ke7 31. Qe5+ 1-0

[Event "4NCL/Div4a/SLOS2 vs. SLOS4"]
[Site "Telford ENG"]
[Date "2004.11.07"]
[Round "2.6"]
[White "Coddington, Oliver"]
[Black "Varnam, Liam D"]
[Result "1/2-1/2"]
[WhiteElo "1962"]
[BlackElo "2085"]
[PlyCount "73"]
[EventDate "2004.11.07"]
[SourceDate "2004.09.21"]

1. d4 d5 2. Nf3 Nf6 3. g3 e6 4. Bg2 Be7 5. O-O O-O 6. b3 Ne4 7. Bb2 f5 8. Ne5
g5 9. f3 Nf6 10. Qd2 Nh5 11. e4 f4 12. g4 Nf6 13. c4 Nbd7 14. Nxd7 Bxd7 15. e5
Ne8 16. Re1 Ng7 17. Bf1 h5 18. h3 hxg4 19. hxg4 Kf7 20. Be2 Rh8 21. Kg2 Rh4 22.
Nc3 Qh8 23. Rh1 dxc4 24. bxc4 Bc6 25. Ne4 Bxe4 26. fxe4 Qh7 27. Bf3 Rh8 28.
Rxh4 Qxh4 29. Qf2 Qh3+ 30. Kg1 Bb4 31. Rd1 Rd8 32. Qg2 Qh8 33. Qh2 Qxh2+ 34.
Kxh2 Ne8 35. Kg2 b6 36. d5 Ng7 37. Be2 1/2-1/2

[Event "4NCL/Div4a/CHED vs. OXF2"]
[Site "Telford ENG"]
[Date "2004.11.07"]
[Round "2.1"]
[White "Shaw, Robert"]
[Black "Milovanovic, Aleksander"]
[Result "1/2-1/2"]
[WhiteElo "2297"]
[BlackElo "2155"]
[PlyCount "123"]
[EventDate "2004.11.07"]
[SourceDate "2004.09.21"]

1. d4 d5 2. c4 e6 3. Nc3 c5 4. cxd5 exd5 5. Nf3 Nc6 6. g3 Nf6 7. Bg2 Be7 8. O-O
O-O 9. Bg5 c4 10. Ne5 Be6 11. Nxc6 bxc6 12. b3 Qa5 13. Qc2 Rfd8 14. Rfd1 Rac8
15. Na4 c5 16. Nxc5 Bxc5 17. dxc5 Qxc5 18. Bxf6 gxf6 19. bxc4 dxc4 20. Be4 f5
21. Bf3 c3 22. e3 Qa3 23. Rxd8+ Rxd8 24. Rd1 Rc8 25. Rd4 Qxa2 26. Bd1 Qxc2 27.
Bxc2 Rc4 28. Rd8+ Kg7 29. Kf1 Rb4 30. Ke1 Bb3 31. Kd1 Bxc2+ 32. Kxc2 Rb2+ 33.
Kxc3 Rxf2 34. Ra8 Rxh2 35. Rxa7 Rg2 36. Kd3 Rxg3 37. Ke2 h5 38. Kf2 Rg4 39. Ra6
h4 40. Kf3 Rg6 41. Ra5 Kf6 42. Ra4 Rh6 43. Kg2 Kg5 44. Ra7 h3+ 45. Kh2 Rh7 46.
Ra1 Kf6 47. Rf1 Ke5 48. Rf4 f6 49. Ra4 Rd7 50. Rf4 Rd3 51. Rf3 Ke4 52. Rf4+
Kxe3 53. Rxf5 Rd6 54. Kxh3 Ke4 55. Kg4 Re6 56. Rf1 Ke5 57. Rf2 Kd6 58. Ra2 Re5
59. Ra6+ Ke7 60. Kf4 Kf7 61. Ra8 Rb5 62. Rc8 1/2-1/2

[Event "4NCL/Div4a/CHED vs. OXF2"]
[Site "Telford ENG"]
[Date "2004.11.07"]
[Round "2.2"]
[White "O'Reilly, Gerard"]
[Black "Smith, Alan A"]
[Result "0-1"]
[WhiteElo "2175"]
[BlackElo "2272"]
[PlyCount "118"]
[EventDate "2004.11.07"]
[SourceDate "2004.09.21"]

1. e4 c5 2. Nf3 e6 3. Nc3 a6 4. g3 Nc6 5. Bg2 d6 6. O-O Bd7 7. d4 cxd4 8. Nxd4
Nf6 9. Nb3 Be7 10. a4 b6 11. Qe2 O-O 12. f4 e5 13. f5 Nd4 14. Nxd4 exd4 15. Nd5
Nxd5 16. exd5 Bf6 17. Be4 Re8 18. Qf3 b5 19. a5 b4 20. Bd3 Qc7 21. g4 h6 22.
Bf4 Qc5 23. b3 Bb5 24. Rac1 Rac8 25. Qg2 Bg5 26. Bxg5 hxg5 27. Bxb5 axb5 28.
Qf2 Re4 29. Kh1 Rxg4 30. Qf3 Rf4 31. Qg2 Rxf1+ 32. Rxf1 Qxc2 33. Qxc2 Rxc2 34.
Rd1 Ra2 35. Rxd4 Rxa5 36. Rxb4 Kf8 37. Kg2 Ke7 38. Kf3 Kf6 39. Ke4 Ra2 40. Rxb5
Rxh2 41. Rb7 Re2+ 42. Kd4 Rf2 43. Rd7 Rf4+ 44. Ke3 Rxf5 45. Rxd6+ Ke7 46. Rc6
Rxd5 47. Rc7+ Ke6 48. b4 g6 49. Rc4 f5 50. Rc6+ Rd6 51. Rc4 Rb6 52. Kd4 Kd6 53.
Ke3 Kd5 54. Rc5+ Kd6 55. Rc4 Rc6 56. Rd4+ Ke5 57. Rd3 Rb6 58. Rb3 Rb5 59. Rb1
g4 0-1

[Event "4NCL/Div4a/CHED vs. OXF2"]
[Site "Telford ENG"]
[Date "2004.11.07"]
[Round "2.3"]
[White "Buxton, David E"]
[Black "Webster, Ian"]
[Result "0-1"]
[WhiteElo "2130"]
[BlackElo "2127"]
[PlyCount "92"]
[EventDate "2004.11.07"]
[SourceDate "2004.09.21"]

1. d4 Nf6 2. c4 Nc6 3. Nc3 e5 4. d5 Ne7 5. e4 Ng6 6. Bd3 Bc5 7. a3 a5 8. Rb1 d6
9. b4 Ba7 10. Nb5 Bb6 11. Qc2 axb4 12. axb4 c6 13. Nxd6+ Qxd6 14. c5 Qd7 15.
dxc6 Qxc6 16. cxb6 Qxc2 17. Bxc2 Be6 18. Nf3 O-O 19. O-O Rfc8 20. Bd3 Bc4 21.
Bxc4 Rxc4 22. Be3 Nxe4 23. Ra1 Rb8 24. Nd2 Nxd2 25. Bxd2 Nf4 26. Ra7 Nd5 27.
Rd1 Rd4 28. Raa1 Nxb6 29. Bc3 Rxd1+ 30. Rxd1 f6 31. g3 Rc8 32. Be1 Kf7 33. Kg2
Ke6 34. Ra1 Ra8 35. Rxa8 Nxa8 36. Kf3 Kd5 37. Ke3 Nc7 38. f4 b5 39. f5 Kc4 40.
g4 Nd5+ 41. Ke4 Nxb4 42. h4 Nd3 43. Bd2 b4 44. g5 b3 45. g6 hxg6 46. fxg6 b2
0-1

[Event "4NCL/Div4a/CHED vs. OXF2"]
[Site "Telford ENG"]
[Date "2004.11.07"]
[Round "2.4"]
[White "Starkie, Ray"]
[Black "Edwards, Simon R"]
[Result "0-1"]
[WhiteElo "2090"]
[BlackElo "2037"]
[PlyCount "60"]
[EventDate "2004.11.07"]
[SourceDate "2004.09.21"]

1. Nc3 e5 2. Nf3 d6 3. d4 exd4 4. Nxd4 Nf6 5. g3 d5 6. Bg2 Bb4 7. O-O Bxc3 8.
bxc3 O-O 9. Bg5 c6 10. a4 h6 11. Bf4 Na6 12. Nb3 Qe7 13. Re1 Re8 14. Qd4 Bf5
15. Ra2 c5 16. Qe3 Qd8 17. Qc1 Ne4 18. Qa1 Qf6 19. Bxe4 Rxe4 20. Be3 Rae8 21.
Nd2 R4e7 22. Nb3 Bg4 23. a5 Bf5 24. Qb2 Qg6 25. Qc1 Bh3 26. Nd2 d4 27. cxd4 Qc6
28. Nf3 cxd4 29. Bxd4 Rxe2 30. Rxe2 Rxe2 0-1

[Event "4NCL/Div4a/CHED vs. OXF2"]
[Site "Telford ENG"]
[Date "2004.11.07"]
[Round "2.5"]
[White "Edwards, Roger J"]
[Black "Smith, Jonathan"]
[Result "0-1"]
[WhiteElo "1960"]
[BlackElo "1925"]
[PlyCount "88"]
[EventDate "2004.11.07"]
[SourceDate "2004.09.21"]

1. e4 c5 2. Nf3 e6 3. d4 cxd4 4. Nxd4 Nf6 5. Nc3 Nc6 6. Nxc6 bxc6 7. Bd3 Bb4 8.
Bd2 d5 9. O-O d4 10. Ne2 Bxd2 11. Qxd2 e5 12. f4 Ng4 13. fxe5 Nxe5 14. Qf4 f6
15. Ng3 O-O 16. Nf5 c5 17. Qg3 g6 18. b3 Be6 19. Be2 Kh8 20. Nh6 Qe7 21. Ng4
Bxg4 22. Bxg4 Nxg4 23. Qxg4 Rae8 24. Rae1 f5 25. exf5 Qxe1 26. Rxe1 Rxe1+ 27.
Kf2 Re3 28. h3 Rxf5+ 29. Kg1 Kg7 30. Qh4 Re2 31. Qd8 Rxc2 32. Qe7+ Rf7 33. Qe5+
Kh6 34. a4 Rff2 35. g4 Rg2+ 36. Kh1 Rge2 37. Qf4+ Kg7 38. Qc7+ Kf6 39. g5+ Kxg5
40. Qg3+ Kf5 41. Qg4+ Ke5 42. Qg3+ Ke4 43. Qg4+ Kd3 44. Qf3+ Kd2 0-1

[Event "4NCL/Div4a/CONQ vs. NOTT"]
[Site "Telford ENG"]
[Date "2004.11.07"]
[Round "2.1"]
[White "Osborne, Marcus E"]
[Black "Truman, Richard G"]
[Result "1/2-1/2"]
[WhiteElo "2179"]
[BlackElo "2028"]
[PlyCount "46"]
[EventDate "2004.11.07"]
[SourceDate "2004.09.21"]

1. Nf3 g6 2. d4 Nf6 3. c4 Bg7 4. Nc3 d5 5. Bg5 Ne4 6. cxd5 Nxg5 7. Nxg5 e6 8.
Qd2 exd5 9. Qe3+ Kf8 10. Qf4 Bf6 11. h4 h6 12. Nxd5 Bxg5 13. Qe5 f6 14. Qxc7
Qxd5 15. Qxc8+ Kg7 16. Qc7+ Nd7 17. e3 Rac8 18. Bc4 Qf5 19. Qd6 Rxc4 20. Qe7+
Kg8 21. e4 Bd2+ 22. Kf1 Qb5 23. Qe8+ Kg7 1/2-1/2

[Event "4NCL/Div4a/CONQ vs. NOTT"]
[Site "Telford ENG"]
[Date "2004.11.07"]
[Round "2.2"]
[White "Thompson, Brian"]
[Black "Prizant, Michael"]
[Result "1/2-1/2"]
[WhiteElo "2060"]
[BlackElo "2125"]
[PlyCount "119"]
[EventDate "2004.11.07"]
[SourceDate "2004.09.21"]

1. d4 d5 2. Nf3 e6 3. e3 Nf6 4. Bd3 c5 5. b3 Nc6 6. O-O Be7 7. Nbd2 O-O 8. Bb2
cxd4 9. exd4 b6 10. Ne5 Nxe5 11. dxe5 Nd7 12. Nf3 f6 13. exf6 Bxf6 14. Bxf6
Qxf6 15. Bb5 Nc5 16. Qd4 Qg6 17. Ne5 Qxc2 18. Rfc1 Qe4 19. Qxe4 Nxe4 20. f3 Nd6
21. Bc6 Bb7 22. Bxb7 Nxb7 23. Rc7 Nc5 24. Rc1 Rf5 25. b4 Na6 26. Rc8+ Rxc8 27.
Rxc8+ Rf8 28. Rxf8+ Kxf8 29. a3 Nb8 30. Kf2 Ke7 31. Ke3 Kd6 32. Nf7+ Ke7 33.
Ne5 a6 34. f4 Nd7 35. Nc6+ Kd6 36. Nd4 g6 37. b5 axb5 38. Nxb5+ Kc5 39. Nc7 Nf8
40. Kd3 Kd6 41. Nb5+ Ke7 42. Na7 Nd7 43. Nc8+ Kf6 44. Nd6 Ke7 45. Nc8+ Kd8 46.
Nd6 Kc7 47. Nf7 Nf8 48. Kd4 Kd7 49. Ne5+ Ke7 50. Nc6+ Kd6 51. Ne5 Nd7 52. Nf7+
Ke7 53. Ng5 h6 54. Nf3 Kf6 55. g3 g5 56. fxg5+ hxg5 57. h4 gxh4 58. gxh4 Kf5
59. h5 Nf6 60. h6 1/2-1/2

[Event "4NCL/Div4a/CONQ vs. NOTT"]
[Site "Telford ENG"]
[Date "2004.11.07"]
[Round "2.3"]
[White "Song, Jinwoo"]
[Black "Webster, Richard J"]
[Result "1-0"]
[WhiteElo "1882"]
[BlackElo "1978"]
[PlyCount "99"]
[EventDate "2004.11.07"]
[SourceDate "2004.09.21"]

1. e4 e6 2. d4 d5 3. e5 c5 4. c3 Nc6 5. Nf3 Bd7 6. dxc5 Bxc5 7. b4 Bb6 8. Bd3
Nge7 9. O-O Ng6 10. Re1 Qb8 11. Bxg6 hxg6 12. Bf4 a6 13. Bg3 Ne7 14. Nbd2 Kf8
15. c4 Bc6 16. c5 Bc7 17. a4 Rh5 18. Nb3 Be8 19. Nbd4 Nc6 20. Nxc6 Bxc6 21. Qe2
Qe8 22. Qc2 Bd8 23. Nd4 Bh4 24. Qb3 Bxg3 25. fxg3 Qb8 26. b5 Be8 27. bxa6 bxa6
28. Qxb8 Rxb8 29. Rab1 Rxb1 30. Rxb1 Rxe5 31. c6 Ke7 32. c7 Kd7 33. Rb8 Re1+
34. Kf2 Rc1 35. Rd8+ Kxc7 36. Rxe8 Kd7 37. Ra8 Rc4 38. Nb3 Rc2+ 39. Kf1 Rc3 40.
Nd2 Rc6 41. Ra7+ Ke8 42. Ke2 Kf8 43. Rb7 f6 44. a5 Rd6 45. Rb6 Ke7 46. Nb3 e5
47. Nc5 Rxb6 48. axb6 Kd6 49. Nxa6 Kc6 50. Nb4+ 1-0

[Event "4NCL/Div4a/CONQ vs. NOTT"]
[Site "Telford ENG"]
[Date "2004.11.07"]
[Round "2.4"]
[White "Khandelwal, Ankush"]
[Black "Jackson, Paul G"]
[Result "1-0"]
[WhiteElo "1964"]
[BlackElo "1950"]
[PlyCount "65"]
[EventDate "2004.11.07"]
[SourceDate "2004.09.21"]

1. f4 e6 2. e4 d5 3. e5 c5 4. c3 Nc6 5. d4 h5 6. Be2 g6 7. Nf3 Qb6 8. a4 a5 9.
Na3 Nh6 10. O-O Nf5 11. Nb5 Bd7 12. Bd3 Na7 13. Nxa7 Qxa7 14. Bxf5 exf5 15. Re1
c4 16. Qe2 Be6 17. b3 Rc8 18. Nd2 Be7 19. bxc4 dxc4 20. Ba3 Bxa3 21. Rxa3 O-O
22. Nf3 Rc6 23. Ng5 Qb6 24. Raa1 Rfc8 25. Rab1 Qc7 26. Rb5 Rd8 27. Reb1 Bc8 28.
d5 Rc5 29. e6 fxe6 30. Nxe6 Bxe6 31. Qxe6+ Kh8 32. Qf6+ Kg8 33. Rxb7 1-0

[Event "4NCL/Div4a/CONQ vs. NOTT"]
[Site "Telford ENG"]
[Date "2004.11.07"]
[Round "2.5"]
[White "Cork, David J"]
[Black "Burke, Steven J"]
[Result "0-1"]
[WhiteElo "1885"]
[BlackElo "2020"]
[PlyCount "66"]
[EventDate "2004.11.07"]
[SourceDate "2004.09.21"]

1. e4 d5 2. exd5 Qxd5 3. Nc3 Qa5 4. d4 Nf6 5. Nf3 c6 6. Bc4 Bf5 7. Bd2 Qb6 8.
O-O e6 9. Qe2 Bd6 10. Bg5 Nbd7 11. Rfe1 O-O 12. Bd3 Bxd3 13. Qxd3 Qc7 14. Ne4
Nxe4 15. Rxe4 Rfe8 16. Rh4 Nf8 17. Bd2 f6 18. Re1 Qf7 19. Rh3 Rad8 20. Re4 e5
21. Rg4 exd4 22. Nxd4 c5 23. Nf5 Bf4 24. Rxf4 Rxd3 25. Rxd3 Qxa2 26. h4 Qb1+
27. Kh2 Qxc2 28. Rg3 Ng6 29. Rff3 Re5 30. h5 Rxf5 31. Rxf5 Qxf5 32. hxg6 Qh5+
33. Kg1 Qd1+ 0-1

[Event "4NCL/Div4a/CONQ vs. NOTT"]
[Site "Telford ENG"]
[Date "2004.11.07"]
[Round "2.6"]
[White "Wright, Antony J"]
[Black "Foster, James"]
[Result "0-1"]
[WhiteElo "1990"]
[BlackElo "1835"]
[PlyCount "82"]
[EventDate "2004.11.07"]
[SourceDate "2004.09.21"]

1. d4 d5 2. Nf3 c6 3. e3 Bf5 4. Bd3 g6 5. Nc3 Nf6 6. Bxf5 gxf5 7. Ne5 Rg8 8. g3
e6 9. Ne2 Bd6 10. Nd3 Nbd7 11. b3 Qc7 12. Bb2 O-O-O 13. a4 Nf8 14. Ba3 N6d7 15.
Bxd6 Qxd6 16. c4 f6 17. O-O h5 18. cxd5 cxd5 19. Nc3 Kb8 20. Nb5 Qe7 21. Rc1 a6
22. Nc3 h4 23. Qd2 Qd6 24. b4 Nh7 25. Ne2 Ng5 26. f4 Ne4 27. Qe1 Rg6 28. Nc5
Rdg8 29. Nxe4 dxe4 30. Kf2 Nb6 31. Rb1 Nd5 32. b5 Qa3 33. Qc1 Qxa4 34. bxa6
Qxa6 35. Ra1 Nb4 36. Qa3 Nd3+ 37. Kg2 Qxa3 38. Rxa3 hxg3 39. hxg3 Rc8 40. Rb1
Rc2 41. Kf1 Rh6 0-1

[Event "4NCL/Div4a/HKFC vs. RICB"]
[Site "Telford ENG"]
[Date "2005.01.15"]
[Round "3.1"]
[White "Fowler, Simon"]
[Black "Kenyon, Scott"]
[Result "1-0"]
[WhiteElo "2116"]
[BlackElo "1875"]
[PlyCount "71"]
[EventDate "2005.01.15"]
[SourceDate "2004.09.21"]

1. d4 e6 2. Nf3 f5 3. Bf4 Nf6 4. e3 Be7 5. h3 d6 6. c4 a5 7. Nc3 Nc6 8. a3 O-O
9. Qc2 Nh5 10. Bh2 f4 11. Bd3 g6 12. O-O-O Qe8 13. Rhe1 e5 14. Nd5 Bd8 15. exf4
Be6 16. fxe5 Rxf3 17. gxf3 Nxd4 18. Bxg6 Nxc2 19. Bxe8 Nxe1 20. Bxh5 Ng2 21.
Rg1 Bxh3 22. Ne3 Bh4 23. Rxg2+ Bxg2 24. Nxg2 dxe5 25. Nxh4 Ra6 26. Nf5 Rf6 27.
Bg4 h5 28. Bh3 Rb6 29. Bxe5 Rb3 30. Nd4 Rb6 31. Bxc7 Ra6 32. f4 Kf7 33. Be6+
Rxe6 34. Nxe6 Kxe6 35. f5+ Kxf5 36. Kd2 1-0

[Event "4NCL/Div4a/HKFC vs. RICB"]
[Site "Telford ENG"]
[Date "2005.01.15"]
[Round "3.2"]
[White "Ryan, Julian"]
[Black "Hogarth, Mark J (res)"]
[Result "1-0"]
[WhiteElo "1725"]
[BlackElo "1929"]
[PlyCount "71"]
[EventDate "2005.01.15"]
[SourceDate "2004.09.21"]

1. e4 c5 2. Nf3 Nc6 3. d4 cxd4 4. Nxd4 g6 5. Be2 Bg7 6. c3 Nf6 7. Qc2 Qc7 8.
Be3 d5 9. Nb5 Qb8 10. Nd2 O-O 11. f3 a6 12. Nd4 Qc7 13. O-O-O e5 14. N4b3 Be6
15. Nc5 Rfc8 16. Ndb3 Na5 17. Nxe6 fxe6 18. Nxa5 Qxa5 19. Qb3 dxe4 20. Bb6 Qd5
21. Rxd5 exd5 22. fxe4 Kh8 23. exd5 Ne4 24. Rd1 Bh6+ 25. Kc2 Nd6 26. c4 Nf5 27.
Bg4 Rf8 28. Bxf5 Rxf5 29. d6 Bg5 30. d7 Bd8 31. Bxd8 Rxd8 32. Qxb7 Kg7 33. c5
e4 34. Qc7 Rff8 35. Qe5+ Kh6 36. c6 1-0

[Event "4NCL/Div4a/HKFC vs. RICB"]
[Site "Telford ENG"]
[Date "2005.01.15"]
[Round "3.3"]
[White "Goodwin, Ed"]
[Black "Gaudeau, Valentin"]
[Result "1/2-1/2"]
[WhiteElo "2005"]
[BlackElo "1745"]
[PlyCount "90"]
[EventDate "2005.01.15"]
[SourceDate "2004.09.21"]

1. c4 e6 2. g3 Nf6 3. Bg2 d5 4. Nf3 c6 5. b3 Be7 6. Bb2 Nbd7 7. O-O O-O 8. d4
Nb6 9. Nbd2 Ne4 10. Nxe4 dxe4 11. Nd2 f5 12. e3 Qe8 13. f3 exf3 14. Nxf3 g5 15.
Qd3 g4 16. Nd2 Qg6 17. Rae1 Bg5 18. Ba3 Rf6 19. Be7 Rf7 20. Bxg5 Qxg5 21. e4
Bd7 22. exf5 exf5 23. d5 Raf8 24. b4 cxd5 25. cxd5 h5 26. Qe3 Qg6 27. Rf4 Re8
28. Qf2 Rfe7 29. Rxe7 Rxe7 30. Qd4 Qd6 31. Nb3 Re8 32. Nc5 Bc8 33. Nd3 Re7 34.
Qc5 Qf6 35. Qd4 Qd6 36. Qc5 Qf6 37. Qd4 Qd6 38. Rf1 Be6 39. Qc5 Qxc5+ 40. bxc5
Nxd5 41. Bxd5 Bxd5 42. Rxf5 Bxa2 43. Rxh5 a5 44. Kf2 a4 45. c6 bxc6 1/2-1/2

[Event "4NCL/Div4a/HKFC vs. RICB"]
[Site "Telford ENG"]
[Date "2005.01.15"]
[Round "3.4"]
[White "Davda, Rahil"]
[Black "Forman, Karl L"]
[Result "0-1"]
[WhiteElo "1770"]
[BlackElo "2025"]
[PlyCount "102"]
[EventDate "2005.01.15"]
[SourceDate "2004.09.21"]

1. d4 Nf6 2. Nf3 g6 3. c4 Bg7 4. Nc3 d5 5. e3 O-O 6. Be2 c5 7. cxd5 Nxd5 8. e4
Nxc3 9. bxc3 Nc6 10. Be3 Bg4 11. e5 Qa5 12. Bd2 Rfd8 13. O-O cxd4 14. cxd4 Qd5
15. Be3 Rac8 16. h3 Bf5 17. Qd2 a5 18. a3 a4 19. Bd1 Qe4 20. Ng5 Qd3 21. Qxd3
Bxd3 22. Re1 Nxd4 23. Bxa4 Ne2+ 24. Kh1 Bxe5 25. Bb3 e6 26. Rad1 Nc3 27. Nxe6
Nxd1 28. Nxd8 Nxe3 29. Nxf7 Bc4 30. Bxc4 Nxc4 31. Nxe5 Nxa3 32. Ra1 Rc3 33. Kg1
Kg7 34. Rd1 Kf6 35. Ng4+ Ke6 36. Re1+ Kd6 37. Nf6 Rc2 38. Nxh7 b5 39. Ng5 b4
40. Nf3 Kd5 41. Ne5 b3 42. Nd3 Kd4 43. Rd1 Kc3 44. Kf1 Rd2 45. Rxd2 Kxd2 46.
Nb2 Kc2 47. Na4 Nc4 48. Ke2 Nd6 49. f3 Nb5 50. f4 Nc3+ 51. Nxc3 Kxc3 0-1

[Event "4NCL/Div4a/HKFC vs. RICB"]
[Site "Telford ENG"]
[Date "2005.01.15"]
[Round "3.5"]
[White "Whelan, Liam"]
[Black "Kamara, Khalid"]
[Result "0-1"]
[WhiteElo "1990"]
[BlackElo "1685"]
[PlyCount "79"]
[EventDate "2005.01.15"]
[SourceDate "2004.09.21"]

1. d4 Nf6 2. c4 g6 3. Nc3 Bg7 4. e4 d6 5. Be2 O-O 6. Nf3 e5 7. d5 Na6 8. O-O
Nc5 9. Nd2 a5 10. b3 c6 11. Bb2 Ne8 12. a3 f5 13. f3 Qb6 14. Kh1 f4 15. Qc2 g5
16. g4 fxg3 17. hxg3 Bh3 18. Rg1 Rf6 19. Bf1 Bd7 20. g4 Ne6 21. Bh3 Nf4 22. Na4
Qf2 23. Raf1 Qh4 24. Rg2 Nxh3 25. Rh2 Rh6 26. Nb1 Nf6 27. Bc3 Bxg4 28. Qg2 Bd7
29. Nb6 Rf8 30. Nxd7 Nxd7 31. Bd2 g4 32. Bxh6 Bxh6 33. Rg1 Kh8 34. fxg4 Nf2+
35. Qxf2 Qxf2 36. Rxf2 Rxf2 37. dxc6 bxc6 38. c5 Nxc5 39. b4 axb4 40. axb4 0-1